| 000 | 01403cam a22003494a 4500 | ||
|---|---|---|---|
| 001 | 4995039 | ||
| 003 | OSt | ||
| 005 | 20250901165801.0 | ||
| 008 | 990226s1999 flua b 001 0 eng | ||
| 010 | _a 99024102 | ||
| 020 | _a1558746803 (trade paper) | ||
| 040 |
_aDLC _cDLC _dDLC |
||
| 042 | _apcc | ||
| 050 | 0 | 0 |
_aRM 237 .85 .S35 1999 _b.S35 1999 |
| 082 | 0 | 0 |
_a613 _221 |
| 100 | 1 |
_aSchwarzbein, Diana, _d1960- |
|
| 245 | 1 | 4 |
_aThe Schwarzbein principle : _bthe truth about losing weight, being healthy, and feeling younger / _cDiana Schwarzbein, Nancy Deville. |
| 260 |
_aDeerfield Beach, FL : _bHealth Communications, _cc1999. |
||
| 300 |
_axxvii, 365 p. : _bill. ; _c24 cm. |
||
| 504 | _aIncludes bibliographical references (p. 339-351) and index. | ||
| 650 | 0 | _aSugar-free diet. | |
| 650 | 0 | _aNutrition. | |
| 650 | 0 | _aHealth. | |
| 650 | 0 | _aWeight loss. | |
| 700 | 1 | _aDeville, Nancy. | |
| 856 | 4 | 2 |
_3Publisher description _uhttp://www.loc.gov/catdir/enhancements/fy0727/99024102-d.html |
| 856 | 4 | 1 |
_3Sample text _uhttp://www.loc.gov/catdir/enhancements/fy0727/99024102-s.html |
| 856 | 4 | 2 |
_3Contributor biographical information _uhttp://www.loc.gov/catdir/enhancements/fy0735/99024102-b.html |
| 906 |
_a7 _bcbc _corignew _d1 _eocip _f19 _gy-gencatlg |
||
| 942 |
_2lcc _cBK |
||
| 999 |
_c9198 _d9198 |
||